| 000 | 00537nam a2200181Ia 4500 | ||
|---|---|---|---|
| 999 |
_c14337 _d14337 |
||
| 003 | OSt | ||
| 005 | 20201117111222.0 | ||
| 008 | 190216s9999||||xx |||||||||||||| ||und|| | ||
| 020 | _a9788177587500 | ||
| 040 | _coclc | ||
| 082 |
_a425 _bQUI/U |
||
| 100 |
_aQuirk, Randolph _96649 |
||
| 245 | 2 |
_aA University Grammar Of English / _cRandolph Quirk ; Sidney Greenbaum |
|
| 260 |
_bPearson Education, _aNew Delhi: _c2007. |
||
| 300 | _a496p | ||
| 650 | _aEnglish Grammer | ||
| 942 |
_cBK _2ddc _h425 _iQUI/U _k425 _mQUI/U |
||